Paraguay Immigration by Country - Statistics

General Stats
  • This quiz has been taken 81 times
  • The average score is 18 of 20
Answer Stats
# People Country of Origin % Correct
79,665 Argentina
100%
265,774 Brazil
97%
240 United Kingdom
96%
1,896 United States
96%
2,937 Chile
94%
195 Columbia
94%
12,372 Venezuela
94%
1,786 Mexico
93%
230 Peru
93%
1,260 Spain
93%
1,565 Bolivia
90%
3,600 Uruguay
90%
2,940 Canada
87%
1,180 China
87%
6,850 Germany
87%
1,170 Italy
87%
770 France
84%
2,374 Japan
77%
3,887 South Korea
69%
1,208 Poland
59%
No matching quizzes found
Score Distribution
Percent of People with Each Score
Percentile by Number Answered
Your Score History
You have not taken this quiz